Nuclear physics / (Record no. 41390)

MARC details
000 -LEADER
fixed length control field 00699nam a22002057a 4500
005 - DATE AND TIME OF LATEST TRANSACTION
control field 20100812142734.0
010 ## - LCCN (DPL NO)
LC control number ENG-100072
020 ## - INTERNATIONAL STANDARD BOOK NUMBER
International Standard Book Number 9788190751803
Terms of availability 100.00
035 ## - SYSTEM CONTROL NUMBER
System control number EN-83604
037 ## - SOURCE OF ACQUISITION
Source of stock number/acquisition DBAD/PUB
082 ## - DEWEY DECIMAL CLASSIFICATION NUMBER
Classification number 539.7
100 ## - MAIN ENTRY--PERSONAL NAME
Personal name Senthi Kumar, V.
245 ## - TITLE STATEMENT
Title Nuclear physics /
Statement of responsibility, etc by V. Senthi Kumar
260 ## - PUBLICATION, DISTRIBUTION, ETC. (IMPRINT)
Place of publication, distribution, etc Erode
Name of publisher, distributor, etc Pallavi Publications
Date of publication, distribution, etc 2008
270 ## - ADDRESS
Address 194, Kanna Complex, Mettur Road,
City Erode
Postal code 11
300 ## - PHYSICAL DESCRIPTION
Extent 120p.
Dimensions 24cm (pbk)
650 ## - SUBJECT ADDED ENTRY--TOPICAL TERM
Topical term or geographic name as entry element Nuclear physics
942 ## - ADDED ENTRY ELEMENTS (KOHA)
Source of classification or shelving scheme Dewey Decimal Classification
Item type English Books
Classification part 539.7
Call number suffix SEN
Holdings
Withdrawn status Lost status Not for loan Collection code Home library Current library Date acquired Source of acquisition Cost, normal purchase price Full call number Barcode Copy number Cost, replacement price Koha item type
    Not For Loan Non-fiction D.B.Act.Division D.B.Act.Division 12/08/2010 DBAD/PUB 100.00 539.7 SEN EN-83604 1 100.00 English Books

© Delhi Public Library
Hit Counter
free hit counter